Statistics for 100 Biggest Cities of Europe in 1850 with a Map

Click here to take the quiz!

General Stats

  • This quiz has been taken 4,953 times
    (2,155 since last reset)
  • The average score is 73 of 100

Answers on the Map

Answers color-coded by a green-red scale on the quiz's map according to % correct below.
 

Answer Stats

PopulationCities% Correct
2,24mLondon
99%
1,05mParis
98%
437kBerlin
97%
281kMadrid
97%
440kMoscow
97%
175kRome
97%
220kBarcelona
96%
785kConstantinople
96%
262kDublin
96%
250kLisbon
96%
225kAmsterdam
95%
554kSt. Petersburg
95%
409kNaples
94%
96kBuda
93%
130kCopenhagen
93%
209kMilan
93%
93kStockholm
93%
431kVienna
93%
167kWarsaw
93%
132kBrussels
92%
160kEdinburgh
92%
303kManchester
92%
100kMunich
92%
127kVenice
92%
345kGlasgow
91%
149kHamburg
91%
195kMarseille
91%
61kKiev
89%
376kLiverpool
89%
87kBelfast
88%
177kLyon
88%
74kPorto
88%
118kPrague
88%
104kBucharest
87%
70kRiga
87%
90kRotterdam
87%
233kBirmingham
86%
94kFlorence
86%
113kSeville
86%
137kTurin
86%
87kValencia
86%
168kPalermo
85%
130kBordeaux
84%
128kGenoa
84%
64kDanzig
83%
62kFrankfurt am Main
83%
65kPest
83%
110kCologne
82%
100kOdessa
82%
88kAntwerp
81%
85kCork
79%
172kLeeds
79%
70kSalonica
78%
72kThe Hague
77%
93kToulouse
77%
88kNewcastle upon Tyne
76%
66kStrasbourg
76%
137kBristol
75%
97kDresden
75%
75kLille
74%
76kKönigsberg
73%
72kAberdeen
71%
96kNantes
71%
64kTrieste
71%
63kLeipzig
70%
74kBologna
69%
62kGranada
68%
93kMálaga
68%
61kBrest
67%
135kSheffield
67%
107kGhent
63%
68kLemberg
63%
114kBreslau
61%
76kLiége
61%
100kŁódź
61%
59kKishinev
59%
99kNottingham
59%
66kBrighton
57%
61kLeicester
56%
68kNorwich
56%
65kCatania
55%
62kMessina
55%
72kPortsmouth
55%
79kDundee
54%
62kCádiz
53%
85kKingston upon Hull
52%
85kAdrianople
50%
101kRouen
50%
57kMetz
46%
69kToulon
43%
72kMagdeburg
39%
65kSunderland
39%
110kBradford
37%
84kLivorno
34%
70kPreston
28%
61kBolton
26%
62kSaratov
24%
85kSalford
15%
57kGreenwich
14%
57kAshton-under-Lyne
7%

Score Distribution

Percentile by Number Answered

Percent of People with Each Score

Your Score History

You have not taken this quiz since the last reset